| 000 | 00594nam a22001817a 4500 | ||
|---|---|---|---|
| 005 | 20251108173321.0 | ||
| 008 | 250721s2004 xx 000 0 ara d | ||
| 082 | 1 | 4 | _a791.430962/شاد |
| 100 | 1 | _aأبو شادي، علي | |
| 245 | 1 | 0 | _aوقائع السينما المصرية في القرن العشرين / |
| 264 | 1 |
_aدمشق : _bمنشورات وزارة الثقافة - المؤسسة العامة للسينما، _c2004. |
|
| 300 | _a198 ص | ||
| 490 | 0 |
_aالفن السابع _v84 |
|
| 650 | 1 | 7 | _aالسينما |
| 650 | 1 | 7 | _aمصر |
| 942 |
_2ddc _cBK |
||
| 999 |
_c101101 _d101101 |
||